| 000 | 01649nam2a22002771 4500 | ||
|---|---|---|---|
| 001 | v19\rc\2085312 | ||
| 005 | 20250620034154.0 | ||
| 035 | _a(NLR Aleph) 005155508 | ||
| 090 |
_a4941056 _c4941056 |
||
| 100 | _a20081218d1913 |||y0rusy50 ca | ||
| 101 | 0 | _arus | |
| 102 | _aRU | ||
| 105 | _ay z ||||| | ||
| 200 | 1 | _aДействия флота на южном театре от перерыва сообщений с Порт-Артуром до морского боя 28 июля (10 августа) в Желтом море | |
| 210 |
_d1913 _aБ. м. |
||
| 215 | _aXII, 394 с. | ||
| 300 | _aИз предисл.: "Труд по составлению настоящей книги исполнен кап. 1 ранга Поповым..." | ||
| 461 | 0 |
_1001v19\rc\2085310 _12001#$aРусско-японская война 1904-1905 гг.$eРабота Историч. комис. по описанию действий флота в войну 1904-1905 гг. при Мор. ген. штабе. Кн. 1-$vКн. 2 _94941052 _cСанкт-Петербург _d1912-1917 _nтип. В.Д. Смирнова _oРабота Историч. комис. по описанию действий флота в войну 1904-1905 гг. при Мор. ген. штабе. Кн. 1- _tРусско-японская война 1904-1905 гг. _vКн. 2 |
|
| 702 | 1 |
_aПопов _bА. А. _cвоен. деятель _f1866- _gАндрей Андреевич _9227016 _3RU\NLR\AUTH\770227072 |
|
| 801 | 0 |
_aRU _bNLR _gpsbo |
|
| 801 | 1 |
_aRU _bProSoft-M _2rusmarc |
|
| 852 |
_aNLR _jВ10 В-7/2 |
||
| 852 |
_aNLR _j17.132.2.36 |
||
| 942 | _cBOOK | ||
| 980 | _aNB | ||